000 00683nam a2200205 a 4500
003 BD-DhJNU
005 20250701064455.0
008 130408s2012 nju b 001 0 eng d
020 _a8178240726
040 _aBD-DhJNU
_bENG
_cBD-DhJNU
_dBD-DhJNU
082 0 0 _a325.354
_223
100 1 _aDirks, Nicholas B.
245 1 0 _aCastes of mind :
_bcolonialism and the making of modern India /
_cNicholas B. Dirks
260 _aPrinceton, N.J. :
_bPrinceton University Press ;
_aDelhi :
_bPermanent Black,
_c2012.
300 _axiii, 372 p. ;
_c25 cm.
504 _aIncludes bibliographical references and index.
650 0 _aCaste
_zIndia.
650 0 _aSocial classes
_zIndia.
942 _cBK
999 _c1859
_d1859